000
00208 a2200097 4500
001
1216
100
_a
Croure, W,H
245
_a
Every day automobile repairs
260
_a
_b
Mcgrawhill
_c
090
_c
778
_d
778
942
_a
NUST-CAE
_c
M
_c
34466
999
_c
236289
_d
236289